000 00468nam a2200181Ia 4500
003 OSt
005 20251018172109.0
008 210423s2008 xx 000 0 und d
040 _cAL
041 _aEnglish
082 _a362.1
_bNAGS
100 _aShilaja Nagendra
_9120303
245 _aSocial work in child health care
260 _aJaipur
_bABC Publications
_c2008
365 _b550
_cINR
906 _acare. ; child ; health ; Social ; work
942 _2ddc
_cBK
999 _c175909
_d175909